Statystyki dla Quiz o Mordeczce

Kliknij tutaj aby rozwiązać quiz!

Ogólne statystyki

  • Ten quiz został rozwiązany 13 razy
  • Średni wynik to 6 z 15

Statystyki odpowiedzi

HintOdpowiedź% Poprawnych
Czy Mordeczka jest gejem ?Tak
100%
W jakim mieście mieszka Mordeczka ?Kielce
80%
Kto był marszałkiem II kadencjiMordeczka
60%
Jaki przydomek ma Mordeczka ?Mordeparte
50%
Ile lat ma Mordeczka ?za dużo
50%
Jak ma na Imię Mordeczka ?Filips
40%
O czym był pierwszy film Mordeczki ?Imperium Persji
40%
Podaj dokładną datę urodzenia Mordeczki ?26 kwietnia 2005
30%
Kiedy Mordeczka dał pierwszy film na YouTube ?26 lis 2023
20%
Kiedy Mordeczka utworzył kanał na YouTube ?5 lip 2022
20%
O czym był najpopularniejszy film Mordeczki ?O Polsce
20%
Ile filmów wstawił Mordeczka ?Więcej niż ma IQ
20%
Czy Mordeczka ryr(_)chał loofa ?nie na odwrót
10%
Czy Mordeczka ma dużego?Tak średnio
10%
Czy Mordeczka ma psa ?Tak wydymał mu podusze
0%

Rozkład punktacji

Percentyl według liczby udzielonych odpowiedzi

Procent ludzi z każdym wynikiem

Twoja historia wyników

Nie rozwiązałeś tego quizu